000 00284nam a2200121Ia 4500
008 230312s9999||||xx |||||||||||||| ||und||
082 _a362.1980
_bGOR-C
100 _aGoraya;nadeem,shahzad
245 0 _aComprehensive MCQs OBS&Gynae
300 _a221
650 _aMedical
942 _cBK
999 _c1018
_d1018